| 000 | 02267cam a22004934i 4500 | ||
|---|---|---|---|
| 003 | PE-LiUPU | ||
| 005 | 20250731165605.0 | ||
| 008 | 150706s r 000 0 d | ||
| 035 | _a(Sirsi) a47755 | ||
| 040 |
_aPE-LiUPU _bspa _cPE-LiUPU _erda |
||
| 049 | _aPRUA | ||
| 082 | 0 | 4 |
_a001.42 _bP43 _221 |
| 100 | 1 |
_aÑaupas Paitán, Humberto, _eautor. |
|
| 245 | 1 | 0 |
_aMetodología de la investigación científica y asesoramiento de tesis : _buna contribución para aprender a investigar y redactar la tesis / _cHumbeto Ñaupas Paitán. |
| 264 | 1 |
_aLima : _bGráfica Retai, _c2009. |
|
| 300 |
_a340 páginas : _bilustraciones ; _c21 cm. |
||
| 336 |
_atext _2rdacontent |
||
| 337 |
_aunmediated _2rdamedia |
||
| 338 |
_avolume _2rdacarrier |
||
| 505 | 0 | _aEpistemología de la investigación científica -- Teoría del conocimiento -- ¿Qué es el conocimiento? -- ¿Que es la ciencia? -- ¿Qué es la teoría científica? -- La investigación científica -- El método científico -- Las técnicas de investigación científica -- Las técnicas conceptuales -- Técnicas descriptivas (recopilación de datos) -- Las técnicas cuantitativas -- El diseño de investigación -- La matriz de consistencia -- Ética de la investigación científica -- Asesoramiento de Tesis -- La tesis y el informe de investigación -- Redacción de la tesis. | |
| 526 | _aSEG44 | ||
| 526 | _aSEG26 | ||
| 526 | _aP151 | ||
| 526 | _aP150 | ||
| 526 | _aP149 | ||
| 526 | _aP146 | ||
| 526 | _aP145 | ||
| 526 | _aP126 | ||
| 526 | _aP125 | ||
| 526 | _aP92 | ||
| 526 | _aP75 | ||
| 526 | _aP74 | ||
| 526 | _aP27 | ||
| 526 | _aP15 | ||
| 541 | _g015-0010863; | ||
| 650 | 0 | 4 |
_aInvestigación _xMetodología. |
| 650 | 0 | 4 | _aProyectos de investigación. |
| 910 |
_agl _bjv _clch _d20091105 |
||
| 942 |
_2ddc _cBOOK |
||
| 949 |
_a001.42 P43 _wDEWEY _c1 _i60489 _lCCODEBUL1 _mBUL _p07.00 _r0 _sY _tLIBRO _u2015-07-06 _xINGENIERIA _PP27 _o.STAFF. Colección General |
||
| 994 |
_aC0 _bPEPRU |
||
| 596 | _a1 | ||
| 999 |
_a001.42 P43 _wDEWEY _c49931 _i60489 _d49931 _e2017-11-15 _f2021-11-4 _g6 _lCCODEBUL1 _mBUL _n4 _p7.00 _q5 _r0 _sY _tBOOK _u2015-7-6 _xBIBLIOTECA _PP27 _0COMPRA _o.STAFF. Colección General |
||
| 980 |
_81 _gALBERTO SANCHEZ Responsable de Automatización |
||